000 01926nam0a2200373 4500
001 RU\NLR\bibl\353036
005 20260409075908.0
010 _a5-7522-0235-3
_9200
021 _aRU
_b2002-49743
_92406
035 _a(NLR Aleph) 000347738
090 _a256470
_c256470
100 _a20021219d2002 |||y0rusy50 ca
101 0 _arus
102 _aRU
105 _ay |||||||||
200 1 _aУроки эксперимента
_iВсероссийский эксперимент "Совершенствование структуры содержания общего образования"
_e[Сборник]
_fГл. упр. образования Псков. обл., Псков. обл. ин-т повышения квалификации работников образования
_g[Авт.-сост. Л. К. Фомичева]
210 _aПсков
_cПОИПКРО
_d2002
215 _a62 с.
_d21
606 0 _aПедагогический эксперимент
_jСборники
_91833666
_3RU\NLR\auth\66829375
606 0 _aШкола
_jСборники
_xМетодика преподавания
_91148285
_3RU\NLR\auth\66139671
606 _aШколы
_xПреподавание
_jСборники
_3RU\NLR\auth\661546246
_92609688
610 0 _aПедагогический эксперимент
675 _a371.14
_v3
_zrus
686 _a14
_2rugasnti
686 _a74.204
_2rubbk
686 _aЧ421.21я43
702 1 _aФомичева
_bЛ. К.
_gЛюдмила Кузьминична
_4220
712 0 2 _4570
_aПсковский областной институт повышения квалификации работников образования
_3RU\NLR\AUTH\889918486
_9333085
801 0 _aRU
_bRKP
_c20021219
_gPSBO
801 1 _aRU
_bRKP
_c20021219
801 2 _aRU
_bNLR
_c20110704
_grcr
942 _cBOOK
980 _aNB